01024nam a22002537a 450000500170000000800410001702000150005804000070007304100120008008200220009210000230011424500590013726000570019630000350025336500300028852002110031865000170052965000320054665000280057870000250060694200120063199900190064395201080066220220712165823.0220712b ||||| |||| 00| 0 eng d a8174764038 cAL aEnglish 223a330.954bJALI aBimal Jalan948485 aIndias Economy in the New Millennium: Selected Essays aNew DelhibUBS Publishers Distributors Pvt Ltdc2002 axxxi,239 p.bHBc22.5x14.5 cm. b₹395.00c₹d₹395.00 aEssays on micro, macro economics by a leading Indian economist. includes papers on globalization, exchance issues, and banking. Focus on India, but plenty of comparative analysis. balanced, readable account aIndia948486 aEconomic development948487 aEconomic history948488 aJALAN (Bimal)948489 2ddccGF c223718d223718 00102ddc40708ECOaALbALd2013-03-23l0o330.954 JALIpGF01704r2022-07-12 00:00:00w2022-07-12yGF